| 000 | 00472cam a2200181Ia 4500 | ||
|---|---|---|---|
| 020 | _a0863152686 | ||
| 040 | _cUKM | ||
| 082 | _a501 FLO 1998 C150 Or. | ||
| 245 | 0 | 4 |
_aThe spirit of science : _bfrom experiment to experience / |
| 260 |
_aEdinburgh : _bFloris Books, _c1998. |
||
| 300 |
_a366 p. ; _c24 cm. |
||
| 500 | _aIncludes index. | ||
| 650 | 0 | _aScience | |
| 650 | 0 | _aMysticism. | |
| 650 | 0 | _aReligion and science. | |
| 700 | 1 | _aLorimer, David, | |
| 942 | _cAEDBB | ||
| 999 |
_c18671 _d18671 |
||